Introduction to the law of torts and consumer protection (Record no. 300663)
[ view plain ]
| 000 -LEADER | |
|---|---|
| fixed length control field | 00449nam a22001697a 4500 |
| 005 - DATE AND TIME OF LATEST TRANSACTION | |
| control field | 20250717165552.0 |
| 008 - FIXED-LENGTH DATA ELEMENTS--GENERAL INFORMATION | |
| fixed length control field | 250717b |||||||| |||| 00| 0 eng d |
| 020 ## - INTERNATIONAL STANDARD BOOK NUMBER | |
| International Standard Book Number | 9789349015593 |
| 082 ## - DEWEY DECIMAL CLASSIFICATION NUMBER | |
| Classification number | 346.03 SIN;1 R |
| 100 ## - MAIN ENTRY--PERSONAL NAME | |
| Personal name | Singh, Avtar. Kaur, Harpreet |
| 245 ## - TITLE STATEMENT | |
| Title | Introduction to the law of torts and consumer protection |
| 250 ## - EDITION STATEMENT | |
| Edition statement | 5th ed. |
| 260 ## - PUBLICATION, DISTRIBUTION, ETC. (IMPRINT) | |
| Place of publication, distribution, etc. | Haryana |
| Name of publisher, distributor, etc. | Lexis Nexis |
| Date of publication, distribution, etc. | 2025 |
| 300 ## - PHYSICAL DESCRIPTION | |
| Extent | lxxix, 477 |
| 942 ## - ADDED ENTRY ELEMENTS (KOHA) | |
| Koha item type | Law Books |
| 942 ## - ADDED ENTRY ELEMENTS (KOHA) | |
| Suppress in OPAC | 0 |
| Date last seen | Total Checkouts | Total Renewals | Full call number | Accession number | Date checked out | Copy number | Cost, replacement price | Price effective from | Category | Lost status | Source of classification or shelving scheme | Damaged status | Department | Withdrawn status | bill no. | bill date | Permanent Location | Current Location | Shelving location | Entry date | Vendor | Cost, normal purchase price | Grants | Currency symbol | Conversion rate | Discount | Discount type |
|---|---|---|---|---|---|---|---|---|---|---|---|---|---|---|---|---|---|---|---|---|---|---|---|---|---|---|---|
| 08/04/2026 | 2 | 5 | 346.03 SIN;1 R | LL4554 | 08/04/2026 | 1 | 680.20 | 17/07/2025 | Law Books | Dewey Decimal Classification | LAW | 272 | 01/04/2025 | Law Library | Law Library | Law Library | 20/06/2025 | MPP House | 895.00 | Law | RS | 1 | 24 | % | |||
| 10/04/2026 | 2 | 6 | 346.03 SIN;1 R | LL4555 | 08/04/2026 | 2 | 680.20 | 17/07/2025 | Law Books | Dewey Decimal Classification | LAW | 272 | 01/04/2025 | Law Library | Law Library | Law Library | 20/06/2025 | MPP House | 895.00 | Law | RS | 1 | 24 | % |
